[Event "Tokyo Japan op"]
[Site "Tokyo"]
[Date "2021.11.22"]
[Round "5"]
[White "Otawa, Yuto"]
[Black "Furuya, Masahiro"]
[Result "1-0"]
[WhiteElo "2128"]
[BlackElo "1969"]
[PlyCount "68"]
[EventDate "2021.11.20"]
[EventType "swiss"]
[EventRounds "7"]
[EventCountry "JPN"]
[SourceTitle "CBM 205 Extra"]
[Source "ChessBase"]
[SourceDate "2022.01.31"]
[SourceVersion "1"]
[SourceVersionDate "2022.01.31"]
[SourceQuality "1"]

1. d4 Nf6 2. c4 e6 3. Nc3 Bb4 4. Qc2 c5 5. dxc5 Na6 6. a3 Bxc3+ 7. Qxc3 Nxc5 8. f3 d6 9. e4 0-0 10. Be3 Qc7 11. Nh3 b6 12. Be2 Bb7 13. 0-0 Rac8 14. Rac1 Ncd7 15. Qd2 Rfd8 16. Rfd1 Ne5 17. Nf2 Qe7 18. f4 Ng6 19. Bd3 Nh4 20. Qe2 d5 21. cxd5 exd5 22. Rxc8 Rxc8 23. e5 Nxg2 24. exf6 Qxe3 25. Qg4 g6 26. Qxg2 Rc1 27. Rxc1 Qxc1+ 28. Bf1 Qxf4 29. Qg3 Qxg3+ 30. hxg3 h6 31. Ng4 h5 32. Ne5 Kf8 33. Bg2 Ke8 34. Kf2 Kd8 1-0

[Event "JPN-ch 52nd"]
[Site "Tokyo"]
[Date "2019.05.02"]
[Round "8"]
[White "Furuya, Masahiro"]
[Black "Otawa, Yuto"]
[Result "0-1"]
[WhiteElo "1946"]
[BlackElo "2161"]
[PlyCount "54"]
[EventDate "2019.04.29"]
[EventType "swiss"]
[EventRounds "10"]
[EventCountry "JPN"]
[SourceTitle "CBM 190 Extra"]
[Source "ChessBase"]
[SourceDate "2019.07.15"]
[SourceVersion "1"]
[SourceVersionDate "2019.07.15"]
[SourceQuality "1"]

1. e4 e6 2. d4 d5 3. Nd2 c5 4. exd5 exd5 5. Ngf3 Nf6 6. dxc5 Bxc5 7. Bd3 0-0 8. 0-0 Nc6 9. Nb3 Bb6 10. c3 Bg4 11. h3 Bh5 12. Bf4 Qd7 13. a4 a6 14. a5 Ba7 15. Re1 Rfe8 16. Rxe8+ Rxe8 17. Bg5 Qd6 18. Bxf6 Qxf6 19. g4 Ne5 20. Nxe5 Qxf2+ 21. Kh1 Rxe5 22. gxh5 Bb8 23. Qg1 Qf3+ 24. Qg2 Qxd3 25. Rg1 Rg5 26. Qf1 Rxg1+ 27. Kxg1 Ba7+ 0-1

[Event "Tokyo City-ch"]
[Site "Tokyo"]
[Date "2019.03.24"]
[Round "6"]
[White "Kojima, Shinya"]
[Black "Furuya, Masahiro"]
[Result "1-0"]
[WhiteElo "2494"]
[BlackElo "2168"]
[PlyCount "55"]
[EventDate "2019.03.23"]
[EventType "swiss"]
[EventRounds "6"]
[EventCountry "JPN"]
[SourceTitle "CBM 190 Extra"]
[Source "ChessBase"]
[SourceDate "2019.07.15"]
[SourceVersion "1"]
[SourceVersionDate "2019.07.15"]
[SourceQuality "1"]

1. d4 d5 2. c4 c6 3. Nf3 Nf6 4. Nc3 e6 5. e3 Nbd7 6. Qc2 Bd6 7. Bd3 dxc4 8. Bxc4 0-0 9. 0-0 b5 10. Bd3 Bb7 11. Rd1 Qc7 12. Bd2 a6 13. b4 Rac8 14. Rac1 Bxb4 15. Nxb5 axb5 16. Bxb4 c5 17. dxc5 Bxf3 18. gxf3 Ne5 19. Be2 Qc6 20. Kg2 Nd5 21. Bd2 f5 22. Qb2 Nc4 23. Bxc4 bxc4 24. Rxc4 Rf6 25. Rb1 Rg6+ 26. Kf1 Qa6 27. Qb5 Qxa2 28. Rbc1 1-0

[Event "Tokyo op"]
[Site "Tokyo"]
[Date "2018.10.07"]
[Round "3"]
[White "Kitamura, Masashi"]
[Black "Furuya, Masahiro"]
[Result "0-1"]
[WhiteElo "1722"]
[BlackElo "2078"]
[PlyCount "130"]
[EventDate "2018.10.06"]
[EventType "swiss"]
[EventRounds "6"]
[EventCountry "JPN"]
[SourceTitle "CBM 187 Extra"]
[Source "ChessBase"]
[SourceDate "2018.11.04"]
[SourceVersion "1"]
[SourceVersionDate "2018.11.04"]
[SourceQuality "1"]

1. d4 d5 2. c4 c6 3. Nc3 Nf6 4. e3 e6 5. Nf3 Nbd7 6. b3 Bd6 7. Be2 0-0 8. 0-0 Ne4 9. Nxe4 dxe4 10. Nd2 f5 11. f3 Qh4 12. f4 c5 13. d5 e5 14. g3 Qe7 15. Rf2 g6 16. Bb2 Rf7 17. Nf1 Nf6 18. a3 h6 19. Rg2 Rg7 20. Qd2 g5 21. Qc3 Nd7 22. Nd2 g4 23. Kf2 Rh7 24. Rh1 exf4 25. gxf4 Qh4+ 26. Kf1 h5 27. b4 b6 28. Qb3 Be7 29. Nb1 Bf6 30. Bc3 Qh3 31. Bxf6 Nxf6 32. Kg1 Qh4 33. Kf1 Nd7 34. Rhg1 Qf6 35. Qc3 cxb4 36. Qxf6 Nxf6 37. axb4 b5 38. cxb5 Nxd5 39. Bc4 Be6 40. Bxd5 Bxd5 41. Nc3 Bc4+ 42. Kf2 Rd8 43. Rd1 Rhd7 44. Rxd7 Rxd7 45. Ke1 Rd3 46. Nd1 Bxb5 47. Rd2 Rb3 48. Rd5 Ba4 49. Kd2 Rd3+ 50. Rxd3 exd3 51. Nb2 Bc2 52. Nc4 Kg7 53. Ke1 Kf6 54. Kf2 h4 55. Nd2 Ke6 56. Ke1 Kd5 57. Kf2 Bd1 58. Ke1 Bf3 59. Kf2 Be2 60. Ke1 g3 61. hxg3 hxg3 62. e4+ fxe4 63. f5 e3 64. Nf1 Bxf1 65. Kxf1 e2+ 0-1

[Event "Tokyo op"]
[Site "Tokyo"]
[Date "2018.10.07"]
[Round "4"]
[White "Misaka, Susumi"]
[Black "Furuya, Masahiro"]
[Result "1/2-1/2"]
[WhiteElo "2176"]
[BlackElo "2078"]
[PlyCount "151"]
[EventDate "2018.10.06"]
[EventType "swiss"]
[EventRounds "6"]
[EventCountry "JPN"]
[SourceTitle "CBM 187 Extra"]
[Source "ChessBase"]
[SourceDate "2018.11.04"]
[SourceVersion "1"]
[SourceVersionDate "2018.11.04"]
[SourceQuality "1"]

1. Nf3 d6 2. c4 e5 3. Nc3 f5 4. d4 e4 5. Bg5 Be7 6. Bxe7 Nxe7 7. Nd2 Nbc6 8. e3 0-0 9. Be2 Ng6 10. g3 a5 11. a3 Nce7 12. h4 c5 13. h5 Nh8 14. h6 g6 15. dxc5 dxc5 16. g4 Nc6 17. gxf5 gxf5 18. Qc2 Be6 19. 0-0-0 Qe7 20. Nd5 Bxd5 21. cxd5 Ne5 22. d6 Qf6 23. d7 b6 24. Nc4 Nhf7 25. Qb3 Nxc4 26. Bxc4 Rad8 27. Qc3 Qxc3+ 28. bxc3 Kh8 29. Rh5 Ne5 30. Be6 Nd3+ 31. Kd2 Nxf2 32. Rf1 Ng4 33. Rhxf5 Rxf5 34. Rxf5 Nxh6 35. Rg5 Nf7 36. Bxf7 Rxd7+ 37. Rd5 Rxf7 38. Rd6 Rf2+ 39. Kd1 Rb2 40. Re6 b5 41. Rxe4 Rb3 42. Kc2 Rxa3 43. Re8+ Kg7 44. Rc8 b4 45. Rc7+ Kg6 46. Rc6+ Kf7 47. Rc7+ Kf6 48. cxb4 axb4 49. Rc6+ Ke7 50. Rc7+ Ke6 51. Rxc5 Rxe3 52. Rh5 Rc3+ 53. Kb2 Rc7 54. Rb5 Kf6 55. Kb3 Kg6 56. Rb6+ Kf5 57. Rb5+ Kf4 58. Rxb4+ Kg3 59. Rb5 h6 60. Rd5 Rc6 61. Kb4 Kg4 62. Rd4+ Kf5 63. Rd5+ Kg6 64. Kb5 Rf6 65. Kc4 h5 66. Kd3 Re6 67. Kd2 h4 68. Rd3 Kf5 69. Re3 Ra6 70. Ke2 Kf4 71. Rb3 Kg4 72. Kf2 Ra2+ 73. Kg1 Rc2 74. Ra3 Rc1+ 75. Kh2 Rc2+ 76. Kg1 1/2-1/2

[Event "JPN-ch"]
[Site "Tokyo"]
[Date "2018.05.04"]
[Round "9"]
[White "Hiebert, Kenji"]
[Black "Furuya, Masahiro"]
[Result "1-0"]
[WhiteElo "2179"]
[BlackElo "1938"]
[PlyCount "87"]
[EventDate "2018.04.29"]
[EventType "swiss"]
[EventRounds "11"]
[EventCountry "JPN"]
[SourceTitle "CBM 184 Extra"]
[Source "ChessBase"]
[SourceDate "2018.06.28"]
[SourceVersion "1"]
[SourceVersionDate "2018.06.28"]
[SourceQuality "1"]

1. Nf3 g6 2. e4 Bg7 3. d4 d6 4. Bc4 e6 5. 0-0 Ne7 6. c3 0-0 7. Nbd2 b6 8. Re1 Bb7 9. Nf1 c5 10. Bb3 Nd7 11. Bf4 e5 12. Bg5 h6 13. Bh4 g5 14. Bg3 Ng6 15. dxc5 Nxc5 16. Bd5 Qc7 17. h4 Bxd5 18. Qxd5 Nf4 19. Bxf4 gxf4 20. g3 Ne6 21. Kg2 Kh7 22. a4 Rab8 23. Red1 Rfd8 24. N1d2 Rd7 25. Nc4 Rbd8 26. a5 Qc5 27. axb6 axb6 28. Ra6 fxg3 29. fxg3 b5 30. Na5 Qc7 31. Nc6 Rg8 32. Ra7 Qc8 33. Rxd7 Qxd7 34. Qxd6 Nf4+ 35. Kf2 Qh3 36. gxf4 Bf8 37. Qxe5 Rg2+ 38. Ke3 Qg3 39. Rf1 Rxb2 40. Qf5+ Kh8 41. Nd8 Bg7 42. Nxf7+ Kg8 43. Nxh6+ Kh8 44. Qg4 1-0

[Event "JPN-ch"]
[Site "Tokyo"]
[Date "2018.05.01"]
[Round "5"]
[White "Furuya, Masahiro"]
[Black "Nagai, Toshiyuki"]
[Result "1-0"]
[WhiteElo "1938"]
[BlackElo "1809"]
[PlyCount "47"]
[EventDate "2018.04.29"]
[EventType "swiss"]
[EventRounds "11"]
[EventCountry "JPN"]
[SourceTitle "CBM 184 Extra"]
[Source "ChessBase"]
[SourceDate "2018.06.28"]
[SourceVersion "1"]
[SourceVersionDate "2018.06.28"]
[SourceQuality "1"]

1. e4 c5 2. Nc3 Nc6 3. Bb5 g6 4. Bxc6 dxc6 5. d3 Bg7 6. Nge2 e5 7. 0-0 Ne7 8. Be3 b6 9. Qd2 0-0 10. Bh6 Be6 11. Bxg7 Kxg7 12. f4 c4 13. f5 gxf5 14. Qg5+ Kh8 15. Qf6+ Kg8 16. exf5 Nxf5 17. Rxf5 Bxf5 18. Qxf5 cxd3 19. cxd3 f6 20. Rf1 Qe7 21. Ne4 Kg7 22. N2g3 Rf7 23. Nxf6 Raf8 24. Qxh7# 1-0

[Event "JPN-ch"]
[Site "Tokyo"]
[Date "2018.04.30"]
[Round "4"]
[White "Shiomi, Ryo"]
[Black "Furuya, Masahiro"]
[Result "1-0"]
[WhiteElo "2085"]
[BlackElo "1938"]
[PlyCount "129"]
[EventDate "2018.04.29"]
[EventType "swiss"]
[EventRounds "11"]
[EventCountry "JPN"]
[SourceTitle "CBM 184 Extra"]
[Source "ChessBase"]
[SourceDate "2018.06.28"]
[SourceVersion "1"]
[SourceVersionDate "2018.06.28"]
[SourceQuality "1"]

1. e4 e5 2. Nf3 Nc6 3. d4 exd4 4. Nxd4 Bc5 5. Be3 Qf6 6. Nb5 Bxe3 7. fxe3 Qh4+ 8. g3 Qd8 9. Qg4 g6 10. Qf4 d6 11. N1c3 a6 12. Nd4 Ne5 13. Be2 g5 14. Qf2 Nh6 15. h3 0-0 16. 0-0-0 Kg7 17. g4 f6 18. Rdg1 c5 19. Nf5+ Nxf5 20. gxf5 h6 21. h4 Rh8 22. hxg5 hxg5 23. Nd5 Bd7 24. Rxh8 Qxh8 25. Qg2 Qg8 26. Rh1 Bc6 27. Nc7 Rc8 28. Ne6+ Kf7 29. Rh6 Ke7 30. Qh1 b5 31. Rh7+ Nf7 32. Rg7 Qh8 33. Rh7 Qg8 34. Rg7 Qh8 35. Bh5 Rf8 36. Qf3 Bd7 37. Nxf8 Qxg7 38. Nxd7 g4 39. Qg2 Kxd7 40. e5 Kc7 41. Bxf7 Qxf7 42. exf6 Qxf6 43. Qxg4 Kb6 44. Qf4 Kc6 45. c3 c4 46. e4 Qg7 47. Qf2 Qf6 48. Qf3 Kd7 49. a3 Qg5+ 50. Kc2 Ke7 51. Qf2 Qg4 52. Qa7+ Kf6 53. Qd4+ Ke7 54. Kb1 Qf4 55. Ka2 Qf3 56. Qg7+ Kd8 57. Qg8+ Kc7 58. Qf7+ Kb6 59. Qd5 Kc7 60. Qd4 Qd3 61. Qxd3 cxd3 62. Kb1 Kd7 63. Kc1 Ke7 64. Kd2 Kf6 65. Kxd3 1-0

[Event "JPN-ch"]
[Site "Tokyo"]
[Date "2018.04.29"]
[Round "2"]
[White "Scott, Tyler"]
[Black "Furuya, Masahiro"]
[Result "1/2-1/2"]
[WhiteElo "2089"]
[BlackElo "1938"]
[PlyCount "113"]
[EventDate "2018.04.29"]
[EventType "swiss"]
[EventRounds "11"]
[EventCountry "JPN"]
[SourceTitle "CBM 184 Extra"]
[Source "ChessBase"]
[SourceDate "2018.06.28"]
[SourceVersion "1"]
[SourceVersionDate "2018.06.28"]
[SourceQuality "1"]

1. d4 Nf6 2. c4 e6 3. g3 d5 4. Nf3 Bb4+ 5. Bd2 Bd6 6. Bg2 0-0 7. 0-0 c6 8. Qc2 Nbd7 9. Bg5 h6 10. Bxf6 Nxf6 11. Nbd2 b6 12. e4 dxe4 13. Nxe4 Nxe4 14. Qxe4 Ba6 15. Rac1 c5 16. Rfd1 Qc7 17. dxc5 bxc5 18. Nd2 Rab8 19. Qc2 Be5 20. b3 Bb7 21. Bxb7 Rxb7 22. Qe4 Rb6 23. Nf3 Bf6 24. Rd3 Rd6 25. Rcd1 Rxd3 26. Rxd3 Qa5 27. a4 Qb6 28. Ne5 Bxe5 29. Qxe5 Rc8 30. h4 Qc7 31. Qxc7 Rxc7 32. Kf1 Kf8 33. Ke2 Ke7 34. Kd2 g5 35. hxg5 hxg5 36. Kc3 a5 37. Rd1 Rd7 38. Re1 g4 39. Re5 Kd6 40. Re3 e5 41. Kd3 f5 42. Ke2 e4 43. Rc3 Ke5 44. Re3 f4 45. gxf4+ Kxf4 46. Rg3 Rd3 47. Rxd3 exd3+ 48. Kxd3 Kf3 49. b4 axb4 50. a5 Kxf2 51. a6 g3 52. a7 g2 53. a8Q g1Q 54. Qf8+ Kg2 55. Qg7+ Kh1 56. Qh6+ Kg2 57. Qg5+ 1/2-1/2

[Event "Universiad Men 26th"]
[Site "Shenzhen"]
[Date "2011.08.19"]
[Round "8"]
[White "Koggala, WSVK"]
[Black "Furuya, Masahiro"]
[Result "1-0"]
[WhiteElo "2023"]
[BlackElo "1962"]
[PlyCount "22"]
[EventDate "2011.08.15"]
[EventType "swiss"]
[EventRounds "9"]
[EventCountry "CHN"]
[SourceTitle "CBM 143 Extra"]
[Source "ChessBase"]
[SourceDate "2011.08.29"]
[SourceVersion "1"]
[SourceVersionDate "2011.08.29"]
[SourceQuality "1"]

1. d4 d5 2. Bf4 Nf6 3. c4 e6 4. e3 c5 5. Nc3 cxd4 6. exd4 Bd6 7. Bg3 Nc6 8. Nf3 0-0 9. c5 Bxg3 10. hxg3 Qe7 11. Qc2 e5 1-0